Parts of Speech in English and in Slovak bakalárska práca

Na minha lista:
Detalhes bibliográficos
Autor principal: Janikovičová, Simona
Autor Corporativo: Fakulta aplikovaných jazykov EU v Bratislave. Katedra jazykovedy a translatológie
Outros Autores: Breveníková, Daniela
Formato: Livro
Idioma:inglês
Publicado em: Bratislava 2016
Tags: Adicionar Tag
Sem tags, seja o primeiro a adicionar uma tag!

MARC

LEADER 00000nbm a2200000 4500
001 0217455
005 20170130095650.8
041 0 |a eng 
044 |a SK 
245 1 0 |a Parts of Speech in English and in Slovak  |b bakalárska práca  |c Simona Janikovičová ; školiteľ: Daniela Breveníková 
264 1 |a Bratislava  |c 2016 
300 |a 56 s. 
100 1 |a Janikovičová, Simona 
700 1 |a Breveníková, Daniela 
710 2 |a Fakulta aplikovaných jazykov EU v Bratislave. Katedra jazykovedy a translatológie